| 000 | 00389 a2200109 4500 | ||
|---|---|---|---|
| 001 | ART_59768 | ||
| 005 | 20260410161801.0 | ||
| 008 | 260409a | ||
| 245 | 1 | 0 | _aApuntes sobre la responsabilidad penal del socio no administrador por los delitos tributarios de la empresa |
| 100 | 1 | _aRobiglio, Carolina L. | |
| 773 | 0 |
_tDoctrina tributaria _g- N° 524 (nov. 2023) _wREV4296 |
|
| 999 |
_c20599 _d20599 |
||